Κατάλογος Βιβλιοθηκών Mediterranean College

Η ειδική εκπαίδευση & συμπερίληψη 2027 : (Record no. 9977)

MARC details
000 -LEADER
fixed length control field 05427nam a22002537a 4500
003 - ΤΑΥΤΟΤΗΤΑ ΤΟΥ ΑΡΙΘΜΟΥ ΕΛΕΓΧΟΥ
Πεδίο ελέγχου GR-AtMCL
005 - ΗΜΕΡΟΜΗΝΙΑ ΚΑΙ ΩΡΑ ΤΕΛΕΥΤΑΙΑΣ ΕΝΗΜΕΡΩΣΗΣ
Πεδίο ελέγχου 20251128161853.0
006 - FIXED-LENGTH DATA ELEMENTS--ADDITIONAL MATERIAL CHARACTERISTICS
Πεδίο ελέγχου σταθερού μήκους a|||||r|||||||||||
008 - FIXED-LENGTH DATA ELEMENTS--GENERAL INFORMATION
Πεδίο ελέγχου σταθερού μήκους s2024 gr 000 0 gre d
020 ## - ISBN
ISBN 9789600243321
040 ## - ΠΗΓΗ ΚΑΤΑΛΟΓΟΓΡΑΦΗΣΗΣ
Φορέας πρωτότυπης καταλογογράφησης MC Athens Campus Library
Γλώσσα καταλογογράφησης Ελληνικά, Μοντέρνα (1453-)
Modifying agency MC Athens Campus Library
Κανόνες περιγραφικής καταλογογράφησης AACR2
100 1# - MAIN ENTRY--PERSONAL NAME
Personal name Στασινός, Δημήτρης Π.
9 (RLIN) 5408
245 12 - ΤΙΤΛΟΣ ΚΑΙ ΔΗΛΩΣΗ ΥΠΕΥΘΥΝΟΤΗΤΑΣ
Τίτλος Η ειδική εκπαίδευση & συμπερίληψη 2027 :
Remainder of title πολύγλωσσα σχολικά περιβάλλοντα και σοβαρές, πολλαπλές αναπηρίες/ δυσκολίες : η ελκυστική εκδίπλωση της στο νέο ψηφιακό σχολείο με ψηφιακούς πρωταθλητές /
Statement of responsibility, etc. Δημήτρης Π. Στασινός.
246 12 - VARYING FORM OF TITLE
Title proper/short title Η ειδική εκπαίδευση και συμπερίληψη 2027
250 ## - EDITION STATEMENT
Edition statement 4η εκδ. αναθ.
260 ## - PUBLICATION, DISTRIBUTION, ETC.
Place of publication, distribution, etc. Αθήνα :
Name of publisher, distributor, etc. Παπαζήσης,
Date of publication, distribution, etc. 2024.
300 ## - PHYSICAL DESCRIPTION
Extent 627 σ. :
Other physical details εικ. ;
Διαστάσεις 24 εκ.
504 ## - ΣΗΜΕΙΩΣΗ ΒΙΒΛΙΟΓΡΑΦΙΑΣ κλπ.
Σημείωση βιβλιογραφίας, κλπ. Περιέχει βιβλιογραφία και ευρετήριο.
520 ## - SUMMARY, ETC.
Summary, etc. Η θέσπιση και λειτουργία ΕΝΟΣ σχολείου, του σχολείου της γειτονιάς, για ΟΛΟΥΣ τους μαθητές χωρίς διακρίσεις και αποκλεισμούς είναι το ζητούμενο στην εκπαίδευση της νέας εποχής. Ο λόγος για ΕΝΑ Ανοικτό σχολείο Δημοκρατικό, Ανθρώπινο, Κοινωνικό, Ελεύθερο, Ευέλικτο, Πολυγλωσσικό, Ψηφιακό με κύριο πρωταγωνιστή το Μαθητή ο οποίος θα είναι ισότιμα συμμέτοχος και ενεργός συνοδοιπόρος στα δρώμενα της σχολικής τάξης και το επίκεντρο των ραγδαία σημειούμενων αλλαγών στην εκπαίδευση και στην κουλτούρα του εφήμερου. Πρόκειται για ΕΝΑ σχολείο με κύριο γνώρισμα την αποδοχή της ΔΙΑΦΟΡΕΤΙΚΟΤΗΤΑΣ (divercity) στο οποίο (πρέπει να) παρέχεται συμπεριληπτική εκπαίδευση στο ΣΥΝΟΛΟ των μαθητών σε μια οικονομικά αναπτυσσόμενη ψηφιακή Ελλάδα και Κύπρο και να διακρίνεται για τις καινοτόμες ιδέες και πρακτικές προσβλέποντας στην απόκτηση των απαραίτητων δεξιοτήτων που θα εγγυώνται στο μαθητή την κοινωνική και επαγγελματική του καταξίωση. Μια παρόμοια μετεξέλιξη του σύγχρονου ελληνικού σχολείου (θα) συνάδει άλλωστε με τη Διακήρυξη της Σαλαμάνκα (1994) για παροχή ισότιμης εκπαίδευσης στα άτομα με ειδικές εκπαιδευτικές ανάγκες. Η έμφαση των κατά καιρούς επιχειρούμενων μεταρρυθμιστικών εγχειρημάτων σε Ελλάδα και Κύπρο πρέπει να εστιάζεται σε μια «global agenda» φιλόδοξων στόχων και δράσεων που θα αναβαθμίζουν ποιοτικά το πολυσχιδές έργο του σύγχρονου εκπαιδευτικού. Η διδακτική και υποστηρικτική επενέργειά του (πρέπει να) στοχεύει στην ψυχοκοινωνική ολοκλήρωση κάθε μαθητή χωρίς διακρίσεις και αποκλεισμούς στη νέα εποχή της μαγικής εικόνας, της γνώσης και της (υπερ) πληροφορίας.<br/>Η παρεχόμενη Ειδική και Συμπεριληπτική Εκπαίδευση στην κοινωνία του 21ου αιώνα (πρέπει να) συμπυκνώνει ένα επιμελώς σχεδιασμένο σύστημα αξιών και ποικίλων τεχνικών προσεγγίσεων για ολόπλευρη στήριξη ΟΛΩΝ των μαθητών χωρίς διακρίσεις και αποκλεισμούς.<br/>Η παρούσα αναθεωρημένη και επαυξημένη έκδοση συνθέτει ένα φιλόδοξο εγχείρημα στο χώρο της Ειδικής και Συμπεριληπτικής Εκπαίδευσης και εστιάζει, μεταξύ άλλων, στα πολυγλωσσικά σχολικά περιβάλλοντα και στις σοβαρές, πολλαπλές αναπηρίες/δυσκολίες ορισμένων παιδιών. Προστέθηκε για το σκοπό αυτό ένα νέο κεφάλαιο με ομόλογο τίτλο (Κεφ. Δέκατο τέταρτο) καλύπτοντας έτσι ένα σημαντικό συγγραφικό κενό στα εκπαιδευτικά δρώμενα σε Ελλάδα και Κύπρο. [...]
650 #4 - SUBJECT ADDED ENTRY--TOPICAL TERM
Topical term or geographic name entry element Ειδική αγωγή
General subdivision Προγράμματα σπουδών
Geographic subdivision Ελλάδα
9 (RLIN) 10169
650 #4 - SUBJECT ADDED ENTRY--TOPICAL TERM
Topical term or geographic name entry element Εκπαίδευση
9 (RLIN) 9953
942 ## - ADDED ENTRY ELEMENTS (KOHA)
Koha item type Books
Holdings
Τύπος τεκμηρίου Βιβλιοθήκη Τρέχουσα τοποθεσία Barcode Αριθμός εισαγωγής Ημερομηνία απόκτησης Ταξιθετικό σύμβολο Αριθμός αντιτύπου Κατάσταση απόσυρσης Κατάσταση χαμένου Κατάσταση κατεστραμμένου Μη δανεισμός Σύνολο δανεισμών Ημερομηνία τελευταίας εμφάνισης Η τιμή ισχύει από
Books MC Athens Campus Library MC Athens Campus Library 9780000099808 8179 28/11/2025 371.9046 ΣΤΑ 1           28/11/2025 28/11/2025

MC Athens Campus Library
Πατησίων 94 & Κοδριγκτώνος 13, 104 34
Πελλήνης 8 & Πατησίων 107, 112 51
Τ: +30 210 8899600

MC Thessaloniki Campus Library
Ίωνος Δραγούμη 21, 54625 | Ίωνος Δραγούμη 15, 54625
Τ: +30 2310 287779 – Τ: +30 2314 440300